| 000 | 00396nam a2200157Ia 4500 | ||
|---|---|---|---|
| 008 | 210210b1989 xxu||||| |||| 00| 0 eng d | ||
| 020 | _a81 7024 249 5 | ||
| 082 | _a374 PATA | ||
| 100 | _aPATI (Sura Prasad). | ||
| 245 | _aAdult education. | ||
| 260 |
_aNew Delhi. _bAshish Publishing House., _c1989 |
||
| 300 | _axxi,330 | ||
| 650 | _aAdult Education | ||
| 690 | _aEducation | ||
| 906 | _a043782 | ||
| 999 |
_c93507 _d93507 |
||